Greta'nın hikayesi : (Record no. 23505)

MARC details
000 -BAŞLIK
Sabit Uzunluktaki Kontrol Alanı 00686nam a22001937a 4500
003 - KONTROL NUMARASI KİMLİĞİ
Kontrol Alanı koha_MIRAKIL
005 - EN SON İŞLEM TARİHİ ve ZAMANI
Kontrol Alanı 20260416105937.0
008 - SABİT UZUNLUKTAKİ VERİ ÖGELERİ - GENEL BİLGİ
Sabit Alan 260416b tur||||| |||| 00| 0 tur d
020 ## - ISBN - ULUSLARARASI STANDART KİTAP NUMARASI
Isbn 9789753484428
040 ## - KATALOGLAMA KAYNAĞI
Özgün Kataloglama Kurumu TR-IsEVY
Kataloglama Dili tur
Çeviri Kurumu TR-IsEVY
082 ## - DEWEY ONU SINIFLAMA SİSTEMİ
Sınıflama Numarası 920 CAM/G
100 ## - KİŞİ ADI
Yazar Adı (Kişi adı) Camerini, Valentina
245 #0 - ESER ADI BİLDİRİMİ
Başlık Greta'nın hikayesi :
Alt Eseradı vb. büyük şeyler yapmak için çok küçük değilsin : Greta Thunberg'in resmi olmayan biyografisi /
Sorumluluk Bildirimi Valentina Camerini.
260 ## - YAYIN, DAĞITIM, VB.
Yayın Yeri İstanbul :
Yayınevi Çınar Yayınları,
Yayın Tarihi 2019.
300 ## - FİZİKSEL TANIMLAMA
Sayfa, Cilt vb. 143 s. :
Boyutları 21 cm.
600 14 - KONU BAŞLIĞI EK GİRİŞİ - KİŞİ ADI
Kişi Adı Greta Thurnberg.
650 ## - KONU BAŞLIĞI EK GİRİŞ - KONU TERİMİ
Konusal terim veya coğrafi ad Biyografi.
Alt başlık biçimi Çocuk Hikayeleri.
-- İklim Değişikliği.
-- Rol Model.
942 ## - EK GİRİŞ ÖGELERİ (KOHA)
Source of classification or shelving scheme Dewey Decimal Classification
Koha item type Kitap
Holdings
Kayıp Durumu Sınıflandırma Kaynağı Hasarlı Durumu Koleksiyon Kodu Kalıcı Konum Mevcut Konum Kayıt Tarih Edinim Kaynağı Toplam Ödünçverme Yer Numarası Demirbaş Numarası Son Görülme Tarihi Fatura Tarihi Materyal Türü
  Dewey Decimal Classification   İlkokul İLKOKUL KÜTÜPHANESİ İLKOKUL KÜTÜPHANESİ 16/04/2026 Bağış   920 CAM/G 25116 16/04/2026 16/04/2026 Kitap